000 00554nam a2200181 a 4500
001 BRCA_2340
005 20190320203752.0
008 071008s1923----mx-a---###---#000-0#spa-#
050 4 _aF1215
_b.B74 1923
100 1 _aBrehme, Hugo
_97029
245 1 0 _aMéxico pintoresco
_cpublicado por Hugo Brehme.
260 _aMéxico
_bHugo Brehme
_c1923
300 _axxii, 197 p.
_bil.
_c33 cm.
500 _aVer también C92 (ejemplar en alemán)
651 4 _aMéxico
_xDescripción y viajes
_9103
651 4 _aMéxico
_xTrabajos Ilustrados
_95385
942 _2lcc
_cB
999 _c2084
_d2084